| 000 | 00956cam a22003015a 4500 | ||
|---|---|---|---|
| 999 |
_c27411 _d27382 |
||
| 005 | 20190519105749.0 | ||
| 008 | 060927s2007 enka frb 001 0 eng d | ||
| 020 | _a9780273709084 | ||
| 020 | _a9781848786349 | ||
| 020 | _a1848786344 | ||
| 040 |
_aDLC _cDLC _beng _dEG-ScBUE _dEG-ScBUE |
||
| 082 | 0 | 4 |
_a330 _bSLO _222 |
| 100 | 1 |
_aSloman, John, _d1947- |
|
| 245 | 1 | 0 |
_aEconomics for business / _cJohn Sloman and Kevin Hinde. |
| 250 | _a4th ed. | ||
| 260 |
_aHarlow : _bFinancial Times / Pretntice Hall / Pearson Education, _cc.2007. |
||
| 300 |
_a1 v. (various pagings) : _bill. (col.) ; _c28 cm. |
||
| 504 | _aIncludes bibliographical references and index. | ||
| 541 | _aDr. Mahitab Shahin ; | ||
| 650 | 7 |
_aEconomics. _2BUEsh |
|
| 650 | 7 |
_aBusiness. _2BUEsh |
|
| 650 | 7 |
_aCommerce. _2BUEsh |
|
| 650 | 7 |
_aManagerial economics. _2BUEsh |
|
| 651 | _2BUEsh | ||
| 653 |
_bBUSECO _cApril2019 |
||
| 700 | 1 |
_aHinde, Kevin. _927501 |
|
| 942 | _2ddc | ||